Film Art (Record no. 6355)
[ view plain ]
| 000 -LEADER | |
|---|---|
| fixed length control field | 00378nam a2200157Ia 4500 |
| 008 - FIXED-LENGTH DATA ELEMENTS--GENERAL INFORMATION | |
| fixed length control field | 190704s9999||||xx |||||||||||||| ||und|| |
| 020 ## - INTERNATIONAL STANDARD BOOK NUMBER | |
| International Standard Book Number | 9781259534959 |
| 082 ## - DEWEY DECIMAL CLASSIFICATION NUMBER | |
| Classification number | 770 |
| Item number | BOR/F |
| 100 ## - MAIN ENTRY--PERSONAL NAME | |
| Personal name | Bordwell, David |
| 245 #0 - TITLE STATEMENT | |
| Title | Film Art |
| 250 ## - EDITION STATEMENT | |
| Edition statement | 11th Edition |
| 260 ## - PUBLICATION, DISTRIBUTION, ETC. | |
| Place of publication, distribution, etc. | New yark |
| Name of publisher, distributor, etc. | McGraw/Hill Education |
| Date of publication, distribution, etc. | 2015 |
| 300 ## - PHYSICAL DESCRIPTION | |
| Extent | 492p |
| 700 ## - ADDED ENTRY--PERSONAL NAME | |
| Personal name | Thompson, Kristin |
| 942 ## - ADDED ENTRY ELEMENTS (KOHA) | |
| Koha item type | Book |
No items available.